000 00728cam a2200229 4500
008 040525t199 1999nyua gr 000 0 eng u
020 _a0387986464
035 _aa437249
050 0 0 _aQL739.8
_bL37 1999
245 1 0 _aLandscape ecology of small mammals /
_cGary W. Barrett, John D. Peles, editors, ; Foreword by Ilkka Hanski
250 _a1a. ed.
260 _aNew York :
_bSpringer,
_c1999
300 _axix, 347 p. :
_bil. ;
_c25 cm.
500 _aWith 52 Illustrations
504 _aIncluye Bibliografía e índice
506 _aRecursos propios escuela
650 1 0 _aEcología de los mamíferos
650 2 0 _aEcología del paisaje
700 1 _aBarrett, Gary W.
700 1 _aPeles, John D.
942 _2lcc
_cLIB
999 _c71829
_d71829